Normal view
MARC view
Entry Topical Term
001 - CONTROL NUMBER
- control field: 6978
003 - CONTROL NUMBER IDENTIFIER
- control field: BD-RjUL
005 - DATE AND TIME OF LATEST TRANSACTION
- control field: 20230214110120.0
008 - FIXED-LENGTH DATA ELEMENTS
- fixed length control field: 230214|| aca||aabn | a|a d
040 ## - CATALOGING SOURCE
- Original cataloging agency: BD-RjUL
- Transcribing agency: BD-RjUL
150 ## - HEADING--TOPICAL TERM
- Topical term or geographic name entry element: Agricultural Lands
- Form subdivision: Economics of land and energy
- Geographic subdivision: Canada
670 ## - SOURCE DATA FOUND
- Source citation: Work cat.: (BD-RjUL)81223: Khan, Jafar Reza,, Changing patterns of agricultural Land Use in renfrew Country, 1951 - 1971 /, 1977